000 00300nam a2200121Ia 4500
005 20251222144753.0
008 251222s9999||||xx |||||||||||||| ||spa||
082 _a720.985/I59
245 0 _aPatrimonio Monumental de Cajamarca:
250 _a1ra.ed.
264 _bInc Editores Cajamarca
942 _cLIB
999 _c19417
_d19417